[Event "Brescia Province-ch"]
[Site "Provaglio"]
[Date "2012.04.20"]
[Round "8"]
[White "De Bellis, Aldo"]
[Black "Cattaneo, Ugo"]
[Result "0-1"]
[WhiteElo "1687"]
[BlackElo "1827"]
[PlyCount "82"]
[EventDate "2012.03.02"]
[EventType "swiss"]
[EventRounds "8"]
[EventCountry "ITA"]
[SourceTitle "EXT 2024"]
[Source "ChessBase"]
[SourceDate "2023.10.10"]
[SourceVersion "1"]
[SourceVersionDate "2023.10.10"]
[SourceQuality "1"]

1. e4 e5 2. Nf3 Nc6 3. Bb5 Bc5 4. c3 Nf6 5. d3 0-0 6. 0-0 d6 7. d4 exd4 8. cxd4 Bb6 9. Bg5 h6 10. Bh4 g5 11. Bg3 Nxe4 12. Nc3 Nxg3 13. fxg3 g4 14. Bxc6 bxc6 15. Nh4 h5 16. Qd2 f5 17. Ne2 Qf6 18. Rad1 Bd7 19. Kh1 Rae8 20. Nf4 Qh6 21. Rfe1 Re4 22. Rxe4 fxe4 23. Qe2 d5 24. b4 Qg5 25. a4 a5 26. bxa5 Bxa5 27. Nhg6 Ra8 28. Qa2 Be8 29. Nh4 Bf7 30. Qa3 Qf6 31. h3 gxh3 32. gxh3 Bb6 33. Qa1 c5 34. Rf1 Qxd4 35. Nf5 Qxa1 36. Rxa1 d4 37. Nh6+ Kg7 38. Nxf7 Kxf7 39. Kg2 d3 40. Nd5 c4 41. Nc3 Bd4 0-1

[Event "Provaglio op 27th"]
[Site "Provaglio"]
[Date "2010.12.10"]
[Round "7"]
[White "Cattaneo, Ugo"]
[Black "De Bellis, Aldo"]
[Result "1-0"]
[WhiteElo "1804"]
[BlackElo "1690"]
[PlyCount "44"]
[EventDate "2010.10.29"]
[EventType "swiss"]
[EventRounds "8"]
[EventCountry "ITA"]
[SourceTitle "EXT 2015"]
[Source "ChessBase"]
[SourceDate "2014.11.20"]
[SourceVersion "1"]
[SourceVersionDate "2014.11.20"]
[SourceQuality "1"]

1. e4 e6 2. d4 d5 3. Nc3 Nf6 4. e5 Nfd7 5. Nf3 c5 6. Bf4 a6 7. Be2 Nc6 8. 0-0 Be7 9. h3 cxd4 10. Nxd4 Ncxe5 11. Re1 Ng6 12. Bg3 0-0 13. Bd3 Nf6 14. h4 Bd6 15. Bxd6 Qxd6 16. h5 Nf4 17. h6 gxh6 18. Nf3 Kh8 19. Ne5 Ng6 20. Qf3 Kg7 21. Qg3 Kh8 22. Nxg6+ hxg6 1-0

[Event "Provaglio op 27th"]
[Site "Provaglio"]
[Date "2010.12.03"]
[Round "6"]
[White "De Bellis, Aldo"]
[Black "Cattaneo, Dario"]
[Result "1-0"]
[WhiteElo "1690"]
[BlackElo "1599"]
[PlyCount "102"]
[EventDate "2010.10.29"]
[EventType "swiss"]
[EventRounds "8"]
[EventCountry "ITA"]
[SourceTitle "EXT 2015"]
[Source "ChessBase"]
[SourceDate "2014.11.20"]
[SourceVersion "1"]
[SourceVersionDate "2014.11.20"]
[SourceQuality "1"]

1. e4 e6 2. d4 d5 3. exd5 exd5 4. Nf3 Nf6 5. Bd3 Be7 6. 0-0 0-0 7. Re1 Nbd7 8. Bg5 Re8 9. Nbd2 c5 10. c4 cxd4 11. cxd5 Nxd5 12. a3 N7f6 13. Bb5 Bd7 14. Bxd7 Nxd7 15. Bxe7 Rxe7 16. Rxe7 Qxe7 17. Nxd4 N7f6 18. N2f3 g6 19. Rc1 Rd8 20. Qd2 Kg7 21. Re1 Ne4 22. Qc2 f5 23. Qc1 Rd7 24. Ng5 Rc7 25. Nge6+ Kf6 26. Nxc7 Qxc7 27. Qxc7 Nxc7 28. f3 Nc5 29. Rc1 N7e6 30. Nxe6 Nxe6 31. Kf2 Nf4 32. Rc3 b5 33. b4 Ke6 34. h4 Kd6 35. g3 Ne6 36. Rd3+ Kc6 37. Ke3 h5 38. Rc3+ Kd6 39. Rc8 Nc7 40. Rf8 Nd5+ 41. Kd4 Ne7 42. Ra8 Ke6 43. f4 Kd6 44. Kd3 Nc6 45. Rf8 Ke6 46. Re8+ Kd6 47. Ke3 Kd7 48. Rg8 Ne7 49. Rg7 Ke6 50. Kd4 Kd6 51. Rxe7 Kxe7 1-0

[Event "Provaglio op 27th"]
[Site "Provaglio"]
[Date "2010.10.29"]
[Round "1"]
[White "De Bellis, Aldo"]
[Black "Barucco, Mattia"]
[Result "0-1"]
[WhiteElo "1690"]
[BlackElo "1992"]
[PlyCount "40"]
[EventDate "2010.10.29"]
[EventType "swiss"]
[EventRounds "8"]
[EventCountry "ITA"]
[SourceTitle "EXT 2015"]
[Source "ChessBase"]
[SourceDate "2014.11.20"]
[SourceVersion "1"]
[SourceVersionDate "2014.11.20"]
[SourceQuality "1"]

1. e4 c6 2. Nf3 d5 3. exd5 cxd5 4. d4 Bg4 5. Be2 Nc6 6. c3 e6 7. Nbd2 Bd6 8. Bb5 Nge7 9. 0-0 Qc7 10. Qc2 0-0-0 11. Qa4 Kb8 12. Re1 a6 13. Bd3 f6 14. h3 Bxf3 15. Nxf3 e5 16. Bf1 e4 17. Nd2 f5 18. c4 Nxd4 19. cxd5 Nc2 20. Qb3 Nxa1 0-1

[Event "Franciacorta op 1st"]
[Site "Castelli Calepio"]
[Date "2007.04.28"]
[Round "1"]
[White "De Bellis, Aldo"]
[Black "Lanni, Vincenzo"]
[Result "1/2-1/2"]
[WhiteElo "1440"]
[BlackElo "1899"]
[PlyCount "113"]
[EventDate "2007.04.28"]
[EventType "swiss"]
[EventRounds "3"]
[EventCountry "ITA"]
[SourceTitle "EXT 2010"]
[Source "ChessBase"]
[SourceDate "2010.11.25"]
[SourceVersion "1"]
[SourceVersionDate "2010.11.25"]
[SourceQuality "1"]

1. e4 g6 2. Nf3 Bg7 3. c3 d6 4. Bc4 Nf6 5. d3 0-0 6. 0-0 c6 7. Bg5 Nbd7 8. Nbd2 Qc7 9. d4 e5 10. h3 Re8 11. Qb3 Nf8 12. dxe5 dxe5 13. Rfd1 b5 14. Be2 Ne6 15. Be3 Nf4 16. Bf1 Be6 17. Qc2 h6 18. Nb3 Nd7 19. a4 a6 20. Nc5 Nxc5 21. Bxc5 Rad8 22. Rxd8 Rxd8 23. a5 Qb7 24. Rd1 Rxd1 25. Qxd1 Qd7 26. Qxd7 Bxd7 27. c4 f6 28. cxb5 cxb5 29. Kh2 Ne6 30. Bb6 Bf8 31. Be3 Nc5 32. Nd2 Nb7 33. f4 Nxa5 34. fxe5 fxe5 35. Nf3 Bg7 36. Nd2 Be6 37. Bd3 Nc4 38. Nxc4 Bxc4 39. Bc2 h5 40. Bb6 Kf7 41. g3 Be6 42. b4 Bf8 43. Ba5 Ba2 44. Kg2 Bd6 45. Kf3 g5 46. g4 h4 47. Kg2 Ke6 48. Kf3 Kd7 49. Ke2 Bc7 50. Bxc7 Kxc7 51. Kd2 Kb6 52. Bd3 a5 53. Kc3 a4 54. Bf1 a3 55. Kc2 Bc4 56. Bg2 Kc6 57. Kc3 1/2-1/2

[Event "Franciacorta op 1st"]
[Site "Castelli Calepio"]
[Date "2007.04.28"]
[Round "2"]
[White "Romagnoli, Franco"]
[Black "De Bellis, Aldo"]
[Result "1-0"]
[WhiteElo "2110"]
[BlackElo "1440"]
[PlyCount "111"]
[EventDate "2007.04.28"]
[EventType "swiss"]
[EventRounds "3"]
[EventCountry "ITA"]
[SourceTitle "EXT 2010"]
[Source "ChessBase"]
[SourceDate "2010.11.25"]
[SourceVersion "1"]
[SourceVersionDate "2010.11.25"]
[SourceQuality "1"]

1. e4 e6 2. Nf3 d5 3. e5 h6 4. a3 c5 5. b4 a6 6. bxc5 Bxc5 7. d4 Bb6 8. Bd3 Nc6 9. c3 Nge7 10. a4 Bd7 11. Na3 Na5 12. 0-0 Rc8 13. Bd2 Nc4 14. Nxc4 dxc4 15. Bc2 Nd5 16. h3 Ba5 17. Qe1 Bc6 18. Nh2 Qh4 19. Ng4 Bd8 20. Qe2 h5 21. Nh2 Nf4 22. Bxf4 Qxf4 23. g3 Qg5 24. Nf3 Qe7 25. Nd2 Bd5 26. a5 Bc6 27. Ne4 Bc7 28. f4 g6 29. Qxc4 Bxe4 30. Bxe4 0-0 31. Bxb7 Rb8 32. Bxa6 Qd8 33. Rfb1 Rxb1+ 34. Rxb1 Bxa5 35. Qd3 Bb6 36. Bb7 Qc7 37. Be4 Kg7 38. Kg2 Qa7 39. Rb2 Rd8 40. g4 hxg4 41. hxg4 Bxd4 42. cxd4 Rxd4 43. Qf3 Qa4 44. Re2 Rc4 45. f5 Qa1 46. f6+ Kf8 47. Rd2 Rd4 48. Qe3 Rxd2+ 49. Qxd2 Kg8 50. Qd8+ Kh7 51. Qc7 Kh6 52. Qd6 Qb2+ 53. Kf1 Kg5 54. Bf3 Kf4 55. Be2 Kg3 56. Qd3+ 1-0